000 00392nam a2200133Ia 4500
005 20260328101518.0
008 260328s9999||||xx |||||||||||||| ||und||
100 _aBruna, Paulo
245 0 _aOs primeiros arquitetos Modernos :
_b Habitacao Social no Brasil 1930-1950 /
_cPaulo Bruna
260 _bUniversidade de Sao Paulo
300 _a2010 p.
650 _aEDAD Contemporánea
942 _cBK
999 _c9480
_d9480